00686nam a2200217Ia 4500003000400000005001700004008004100021020001800062040001800080041000800098082002000106100002500126245009200151250001200243260004400255300003000299650002800329650004300357650003800400700003000438OSt20260321115139.0210716s2012 xx 000 0 und d a9780486498775 cAIMIT LIBRARY aeng a511.3 21bNARK aNarendra, Kumpati S. aLearning automata :bintroduction /cBy Kumpati S Narendra and Mandayam A L Thathachar. a1st ed. aNew York :bDover publications ,c2012. axiii,476p. ;bPBc23.2 cm aThe learning automation aVariable structure stochastic automata aApplications of learning automata aThathachar, Mandayam A L.